Harry Potter Top 200 Characters by Mentions - Statistics

General Stats
  • This quiz has been taken 5,409 times
  • The average score is 113 of 200
Answer Stats
Hint Answer % Correct
18956 Harry Potter
99%
5486 Hermione Granger
97%
6464 Ron Weasley
97%
2421 Albus Dumbledore
95%
920 Fred Weasley
95%
821 George Weasley
95%
771 Ginny Weasley
95%
780 Arthur Weasley
94%
302 Bill Weasley
94%
722 Molly Weasley
94%
110 Charlie Weasley
93%
1198 Draco Malfoy
93%
426 Percy Weasley
93%
1956 Severus Snape
93%
190 James Potter
92%
127 Lily Potter
92%
1471 Sirius Black
92%
1797 Voldemort
92%
249 Lucius Malfoy
91%
2024 Rubeus Hagrid
91%
79 Aberforth Dumbledore
90%
864 Remus Lupin
90%
89 Narcissa Malfoy
89%
810 Neville Longbottom
89%
50 Ariana Dumbledore
88%
770 Minerva Mcgonagall
87%
356 Luna Lovegood
86%
22 Kendra Dumbledore
85%
54 Regulus Black
85%
220 Bellatrix Lestrange
84%
469 Dobby
83%
637 Dolores Umbridge
82%
467 Dudley Dursley
82%
242 Nymphadora Tonks
82%
314 Petunia Dursley
82%
530 Vernon Dursley
82%
583 Alastor Moody
81%
353 Cedric Diggory
81%
124 Xenophilius Lovegood
81%
228 Gregory Goyle
80%
89 Phineas Nigellus Black
80%
39 Ted Tonks
80%
277 Viktor Krum
80%
27 Albus Severus Potter
79%
215 Cho Chang
79%
258 Fleur Delacour
79%
15 Mrs. Black
79%
486 Peter Pettigrew
79%
12 Augusta Longbottom
78%
14 James Sirius Potter
78%
224 Vincent Crabbe
78%
295 Bart Crouch Sr.
77%
212 Dean Thomas
77%
140 Filius Flitwick
77%
76 Amos Diggory
76%
262 Gilderoy Lockhart
76%
204 Hedwig
76%
73 Marge Dursley
76%
116 Katie Bell
75%
179 Seamus Finnigan
75%
493 Cornelius Fudge
74%
36 Barty Crouch Jr.
72%
15 Gabrielle Delacour
72%
432 Horace Slughorn
72%
38 Rowena Ravenclaw
72%
133 Parvati Patil
71%
90 Pomona Sprout
71%
70 Salazar Slytherin
71%
18 Tom Riddle Sr.
71%
14 Helga Hufflepuff
70%
141 Lavender Brown
70%
23 Padma Patil
70%
122 Quirinus Quirrell
70%
288 Argus Filch
69%
63 Godric Gryffindor
69%
312 Kreacher
69%
208 Oliver Wood
69%
262 Sybil Trelawney
67%
123 Nearly Headless Nick
65%
68 Pansy Parkinson
65%
135 Angelina Johnson
64%
162 Crookshanks
63%
165 Igor Karkaroff
63%
162 Winky
63%
77 Colin Creevey
61%
117 Garrick Ollivander
61%
106 Kingsley Shacklebolt
61%
136 Buckbeak
60%
112 Olympe Maxime
60%
17 Dennis Creevey
59%
68 Marvolo Gaunt
59%
164 Peeves
59%
156 Poppry Pomfrey
59%
32 Merope Gaunt
58%
63 Morfin Gaunt
58%
77 Bathilda Bagshot
57%
102 Fenrir Greyback
57%
75 Firenze
57%
109 Lee Jordan
57%
188 Rita Skeeter
57%
105 Fang
56%
49 Aragog
55%
47 Blaise Zabini
55%
119 Moaning Myrtle
55%
147 Mundungus Fletcher
55%
30 Nagini
55%
53 Rolanda Hooch
55%
35 Amelia Bones
54%
23 Amycus Carrow
54%
153 Rufus Scrimgeour
54%
140 Griphook
53%
246 Ludo Bagman
53%
16 Alector Carrow
52%
24 Bloody Baron
52%
26 Hannah Abbott
52%
24 Tom
52%
27 Fluffy
51%
48 Zacharias Smith
51%
55 Arabella Figg
50%
73 Gellert Grindelwald
50%
59 Mrs. Norris
50%
58 Alicia Spinnet
49%
27 Hepzibah Smith
49%
72 Fat Lady
48%
75 Grawp
48%
73 Cormac McLaggen
47%
92 Ernie Macmillan
46%
48 Cuthbert Binns
45%
26 Errol
45%
36 Norbert
45%
85 Stan Shunpike
45%
56 Yaxley
45%
60 Pigwidgeon
44%
62 Elphias Doge
43%
64 Fawkes
43%
40 Marcus Flint
43%
34 Antonin Dolohov
42%
50 Justin Finch-Fletchley
41%
30 Bane
40%
18 Romilda Vane
40%
49 Madam Rosmerta
39%
27 Dedalus Diggle
38%
63 Frank Bryce
38%
18 Trevor
37%
31 Mary Cattermole
36%
23 Reg Cattermole
36%
57 Wilhelmina Grubbly-Plank
36%
16 Hestia Jones
35%
16 Mafalda Hopkirk
35%
17 Millicent Bulstrode
35%
31 Nicolas Flamel
35%
48 Marietta Edgecombe
34%
26 Michael Corner
34%
14 Terry Boot
34%
27 Walden Macnair
34%
20 Pius Thicknesse
33%
19 Irma Pince
32%
49 Mykew Gregorovitch
32%
25 Augustus Rookwood
31%
68 Bob Ogden
31%
19 Hokey
31%
16 Piers Polkiss
31%
19 Albert Runcorn
30%
42 Bertha Jorkins
30%
25 Madam Malkin
29%
21 Armando Dippet
28%
41 Borgin
28%
30 Roger Davies
27%
23 Ronan
27%
23 Sir Cadogan
27%
13 Caractacus Burke
26%
56 Aunt Muriel
25%
13 Avery
25%
26 Broderick Bode
24%
18 Dawlish
24%
23 Sturgis Podmore
24%
16 Demelza Robins
23%
23 Dirk Cresswell
23%
14 Marcus Belby
23%
34 Ernie Prang
22%
41 Travers
22%
13 Wilkie Twycross
22%
15 Bogrod
21%
18 Griselda Marchbanks
21%
12 Troy
21%
13 Jimmy Peakes
20%
33 Montague
20%
13 Adrian Pucey
18%
16 Aidan Lynch
18%
16 Moran
18%
21 Mrs. Cole
18%
16 Scabior
18%
20 Leanne
17%
13 Professor Tofty
17%
22 Cassius Warrington
16%
13 Hassan Mostafa
16%
13 Karkus
16%
20 Mr. Roberts
16%
17 Beedle the Bard
15%
18 Margorian
11%
No matching quizzes found
Score Distribution
Percent of People with Each Score
Percentile by Number Answered
Your Score History
You have not taken this quiz